Statistics for Countries that Start with A

Click here to take the quiz!

General Stats

  • This quiz has been taken 723,821 times
    (723,721 since last reset)
  • The average score is 8 of 11

Answer Stats

Country% Correct
Australia
89%
Austria
81%
Albania
76%
Andorra
75%
Armenia
74%
Algeria
73%
Angola
73%
Argentina
73%
Azerbaijan
72%
Afghanistan
67%
Antigua and Barbuda
58%

Score Distribution

Percentile by Number Answered

Percent of People with Each Score

Your Score History

You have not taken this quiz since the last reset